Global politics in the human interest / (Record no. 7264)

MARC details
000 -LEADER
fixed length control field 00956nac a22002651u 4500
010 ## - LIBRARY OF CONGRESS CONTROL NUMBER
LC control number 87027504
020 ## - INTERNATIONAL STANDARD BOOK NUMBER
International Standard Book Number 1555870996 (pbk.) :
020 ## - INTERNATIONAL STANDARD BOOK NUMBER
International Standard Book Number 1555870996 (pbk.) :
082 00 - DEWEY DECIMAL CLASSIFICATION NUMBER
Classification number 327.09045
Item number GUR
090 ## - LOCALLY ASSIGNED LC-TYPE CALL NUMBER (OCLC); LOCAL CALL NUMBER (OCLC)
-- 7264
-- 7264
100 ## - MAIN ENTRY--PERSONAL NAME
Personal name Gurtov, Melvin.
245 10 - TITLE STATEMENT
Title Global politics in the human interest /
Statement of responsibility, etc Mel Gurtov ; with the assistance of Dariush Haghighat.
260 ## - PUBLICATION, DISTRIBUTION, ETC. (IMPRINT)
Place of publication, distribution, etc Boulder, Colo. :
Name of publisher, distributor, etc L. Rienner,1988
Date of publication, distribution, etc 1988.
300 ## - PHYSICAL DESCRIPTION
Extent xiii, 253 p. ;
Dimensions 24 cm.
440 #0 -
-- Explorations in peace and justice
500 ## - GENERAL NOTE
General note Includes index.
504 ## - BIBLIOGRAPHY, ETC. NOTE
Bibliography, etc Bibliography: p. 225-239.
511 ## - PARTICIPANT OR PERFORMER NOTE
Participant or performer note catalogued by: wessam
650 #0 - SUBJECT ADDED ENTRY--TOPICAL TERM
Topical term or geographic name as entry element International relations.
650 #0 - SUBJECT ADDED ENTRY--TOPICAL TERM
Topical term or geographic name as entry element International economic relations.
650 #0 - SUBJECT ADDED ENTRY--TOPICAL TERM
Topical term or geographic name as entry element World politics
Chronological subdivision 1945-
700 1# - ADDED ENTRY--PERSONAL NAME
Personal name Haghighat, Dariush.
942 ## - ADDED ENTRY ELEMENTS (KOHA)
Item type Book - Borrowing
Call number prefix 327.09045GUR
Holdings
Withdrawn status Item status Damaged status Not for loan Home library Current library Shelving location Date acquired Source of acquisition Total Checkouts Total Renewals Full call number Barcode Date last seen Date last borrowed Koha item type
        Central Library Central Library First floor 08/01/2017 Purchase 4 6 327.09045GUR 000008817 15/07/2025 19/10/2015 Book - Borrowing